| 000 | 00760cab a2200229 4500 | ||
|---|---|---|---|
| 001 | WB3241-52 | ||
| 008 | 090401t1996 xxu||||| |||| 00| 0 eng d | ||
| 035 | _a(Sirsi) u40015 | ||
| 041 | _aeng | ||
| 245 | _aChanges to milk quota administration | ||
| 260 | _c1996 | ||
| 350 | _a0 | ||
| 490 |
_aMAFF News Release _v354/96 30 October 1996 |
||
| 490 |
_aHerald _v1 November 1996, 26(3) |
||
| 520 | _aThe Ministry of Agriculture has proposed changes to milk quota administration that are aimed at allowing better quota management, and help producers make best use of quota available to them. | ||
| 650 | _aADMINISTRATION | ||
| 650 | _aMILK QUOTAS | ||
| 650 | _aMINISTRY OF AGRICULTURE | ||
| 690 | _aRURAL PRACTICE | ||
| 942 | _n0 | ||
| 948 | _c04/03/1997 | ||
| 999 |
_c25623 _d25623 |
||